| 000 | 00778cam a2200265 4500 | ||
|---|---|---|---|
| 999 |
_c267 _d267 |
||
| 001 | 286388 | ||
| 003 | GZU | ||
| 005 | 20200716113640.0 | ||
| 008 | 680301s1968 nyua b 000 0 eng | ||
| 010 | _a 68013818 | ||
| 020 | _a9788120323650 | ||
| 040 |
_aDLC _cDLC _dDLC |
||
| 050 | 0 | 0 |
_aBF176 _b.ANA 2010 |
| 100 | 1 |
_aAnastasi, Anne, _d1908-2001. _eauthor |
|
| 245 | 1 | 0 |
_aPsychological testing / _cAnne Anastasi, Susana Urbina |
| 250 | _a7th ed. | ||
| 260 |
_aNew Delhi : _bPHI Learning, _c2010 |
||
| 300 |
_axiii, 721p. : _bill. _c24 cm. |
||
| 500 | _aIncludes index | ||
| 504 | _aBibliography: p. 561-679. | ||
| 650 | 0 | _aPsychological tests. | |
| 650 | 0 | _aPersonality tests. | |
| 906 |
_a7 _bcbc _corignew _du _encip _f19 _gy-gencatlg |
||
| 942 |
_2lcc _cBK _e7th ed. _h176 _iANA _kBF |
||